| 000 | 00387 a2200133 4500 | ||
|---|---|---|---|
| 001 | 87921 | ||
| 082 | _aPR 253 | ||
| 090 |
_c41389 _d41389 |
||
| 100 | _aSheharyar Muhammad; Ahmad Aizaz Prof | ||
| 245 |
_aDesign and fabrication of regenerative heat exchanger to obtain distilled water _nG-66 |
||
| 260 |
_aRisalpur _bNUST _c2009 |
||
| 300 | _axiv, 115 p. | ||
| 500 | _aBE project reports AE | ||
| 942 |
_aCAE NUST _kPR 253 |
||
| 999 |
_c322994 _d322994 |
||